Регионална библиотека "Любен Каравелов" - Русе

Китай 1400 г. пр. н. е. - 1911 г. от н. е. (Запис номер 380)

MARC детайли
000 -Лидер
Контролно поле с фиксирана дължина 01589nam a2200385 c 4500
003 - Код на организацията, давaща контролен номер
Контролно поле BLK
005 - Дата и час на последна редакция
Контролно поле 20180420213202.0
008 - Елементи от данни с фиксирана дължина
fixed length control field 180412b bul|||||r ||||||| ||bul||
010 ## - Наследен системен номер
LC control number KNG00000611000
020 ## - Международен стандартен номер на книга ISBN
Международен стандартен номер на книга ISBN 954-428-055-3
-- издат.: Хемус
040 ## - Източник на каталожния запис
Идентификатор на билиотеката - собственик на записа BLK
041 ## - Код за език
Код за езика на текст/звукозапис или на отделно заглавие Български
Код за езика КДБФ Български
080 ## - УДК
Текстов определител УДК История на Стария Изток, Мидия, Персия, Асирия и Вавилония
УДК код - определител по УДК 935
УДК определител
УДК - код + определител 935
100 1# - Редна дума - Автор
Автор Маккилъп, Бет
Авторска отговорност първи автор
R(LIN) 91267
139 ## - Редно поле
Редна дума Маккилъп, Бет
Авторски знак Мак - М 19
245 10 - Сведения за заглавието
Заглавие Китай 1400 г. пр. н. е. - 1911 г. от н. е.
Подзаглавни данни Научнопопул. четиво за юноши
Редно поле (дума) Бет Маккилъп; ил. Роб Шоун; прев. от англ. Станислав Баев Баев.
257 ## - Страна на издаване
Страна на създаване/издаване Великобритания
260 ## - Област на издателските данни
-- София
Име на издателя, разпространителя и проч. Хемус
Година на издаване 1994
300 ## - Физическа характеристика
Страници 32 с.
Илюстрации и др. с цв. ил., к.
Размери/Мащаб 29 см
380 ## - Жанр
Жанр Детска отраслова лит.
490 1# - СЕРИИ (Колекции)
Име на серия Древни цивилизации
500 ## - Общи забележки
Забележка Авт. не е отбелязан на кор. - 15 000 тир. - Офс. изд. - Азб. показалец.
650 #4 - Допълнително описание по предмет – тема
Основно описание – тема или топоним Китай - история
9 (RLIN) 242271
653 ## - Ключова дума – ненормативна
Ключова дума Китай
653 ## - Ключова дума – ненормативна
Ключова дума история
653 ## - Ключова дума – ненормативна
Ключова дума детска литература
653 ## - Ключова дума – ненормативна
Ключова дума литература за деца
700 1# - Други автори (авторска отговорност)
Лично име Шоун, Роб
Автороска отговорност (Описва отношението между автора и произведението) ил.
9 (RLIN) 144082
700 1# - Други автори (авторска отговорност)
Лично име Баев, Станислав Баев
Автороска отговорност (Описва отношението между автора и произведението) прев. от англ.
9 (RLIN) 242270
852 ## - Местоположение
Форматна сигнатура Цб ІІ 11686
856 4# - Електронен адрес и достъп
Електронен формат pdf - файл
Път до файла /url/
856 4# - Електронен адрес и достъп
Електронен формат pdf - файл
Път до файла /url/
942 ## - АРТИКУЛИ
Вид на библиотечния материал Книги
Скрит в OPAC Не
944 ## - СЪЗДАВАНЕ И РЕДАКЦИЯ на ЗАПИСА
Създаване/Редакция Създаване
Дата на регистрацията/редакция 15.01.2003
Служител, извършил регистрацията/редакцията Людмила_Стоянова
944 ## - СЪЗДАВАНЕ И РЕДАКЦИЯ на ЗАПИСА
Създаване/Редакция Редакция
Дата на регистрацията/редакция 10.11.2004
Служител, извършил регистрацията/редакцията
999 ## - СИСТЕМНИ КОНТРОЛНИ НОМЕРА
Koha biblionumber 380
Koha biblioitemnumber 380
Наличности
Код за отписване Код за изгубен артикул Източник на класификационната схема Код за повреда Коз за рестрикции Код за отдаване Артикулен № Име на библиотеката - собственик Име на библиотеката, в която се намира в момента Статус (Текущо местоположение) Дата на вписване в системата Местоположение - отдел Цена в лева Инвентарен номер Систематично азбучна сигнатура Баркод Номер на екземпляра Цена в евро Служебна бележка Служебен тип на артикула
  Не е изгубен Universal Decimal Classification Не е повреден само за читалня ползва се в читалня 729 Регионална библиотека "Любен Каравелов" Русе Регионална библиотека "Любен Каравелов" Русе Хранилище 2001-01-01 Хранилище 0.62 599918 Цб II 11686 120000599918 1 0.32 Дост: Dp Вид: Д N: стар фонд Дата: 01.01.2001 Книги
Изтеглен Не е изгубен Universal Decimal Classification Не е повреден без рестрикции заемане за дома 730 Регионална библиотека "Любен Каравелов" Русе Регионална библиотека "Любен Каравелов" Русе Детски отдел 2001-01-01 Детски отдел 3.10 595231 ДН 931/939/М 19 595231 2 1.59 Дост: Pk Вид: Ф N: стар фонд Дата: 01.01.2001 Дата инв: 05.10.2015 Бележки инв: Д2015 Книги
  Не е изгубен Universal Decimal Classification Не е повреден без рестрикции заемане за дома 731 Регионална библиотека "Любен Каравелов" Русе Регионална библиотека "Любен Каравелов" Русе Детски отдел 2002-08-15 Детски отдел 2.00 120000671384 ДН 94(3)/М 19 120000671384 3 1.02 Дост: Pk Вид: Ф N: 5 Дата: 01.08.2002 Дата инв: 05.10.2015 Бележки инв: Д2015 Книги
Vip Innovations Ltd, Rousse, Bulgaria 2025